Sustainable drainage systems (Record no. 73671)
[ view plain ]
| 000 -LEADER | |
|---|---|
| fixed length control field | 00925cam a2200181 4500 |
| 001 - CONTROL NUMBER | |
| control field | ABS67158 |
| 008 - FIXED-LENGTH DATA ELEMENTS--GENERAL INFORMATION | |
| fixed length control field | 031028n2003 000 0 eng u |
| 035 ## - SYSTEM CONTROL NUMBER | |
| System control number | (Sirsi) u124109 |
| 245 ## - TITLE STATEMENT | |
| Title | Sustainable drainage systems |
| 260 ## - PUBLICATION, DISTRIBUTION, ETC. | |
| Date of publication, distribution, etc. | 2003 |
| 490 ## - SERIES STATEMENT | |
| Series statement | Building Engineer |
| Volume/sequential designation | October 2003, 26-27(2) |
| 520 ## - SUMMARY, ETC. | |
| Summary, etc. | Looks at the development of Sustainable Drainage Sstems (SUDS). Provides an overview of current research on SUDS schemes, including the recent consultation document "Framework for sustainable drainage systems in England and Wales" from the National SUDS Working Group. The new framework aims to ensure clear responsibilities and funding. The consultation document can be downloaded from http://www.environment-agency.gov.uk. |
| 590 ## - LOCAL NOTE (RLIN) | |
| Local note | ABS |
| 650 ## - SUBJECT ADDED ENTRY--TOPICAL TERM | |
| Topical term or geographic name entry element | SUSTAINABLE URBAN DRAINAGE SYSTEMS |
| 650 ## - SUBJECT ADDED ENTRY--TOPICAL TERM | |
| Topical term or geographic name entry element | DRAINAGE SYSTEMS |
| 690 ## - LOCAL SUBJECT ADDED ENTRY--TOPICAL TERM (OCLC, RLIN) | |
| Topical term or geographic name as entry element | ENVIRONMENTAL AND LAND CONSULTANCY-ENVIRONMENTAL MANAGEMENT |
| 942 ## - ADDED ENTRY ELEMENTS (KOHA) | |
| Suppress in OPAC | 0 |
| Withdrawn status | Lost status | Source of classification or shelving scheme | Damaged status | Not for loan | Home library | Current library | Shelving location | Date acquired | Total Checkouts | Full call number | Barcode | Date last seen | Copy number | Price effective from | Koha item type |
|---|---|---|---|---|---|---|---|---|---|---|---|---|---|---|---|
| Dewey Decimal Classification | London | London | Journal article | 28/10/2003 | ABS67158 | 124109-1001 | 06/08/2019 | 1 | 06/08/2019 | Journal article |